| 000 | 01688cam a2200397 a 4500 | ||
|---|---|---|---|
| 001 | 3998398 | ||
| 003 | OSt | ||
| 005 | 20240625122644.0 | ||
| 008 | 960531m19961997nyuab b 001 0 eng | ||
| 010 | _a 96025600 | ||
| 020 | _a0333666046 (cloth : v. 1) | ||
| 020 | _a0312163991 (cloth : v. 1) | ||
| 020 | _a0333666038 (v. 2) | ||
| 040 |
_aDLC _cMUST _dDLC |
||
| 043 |
_aee----- _aae----- |
||
| 082 | 0 | 0 | _a338.94 AFT 1997 |
| 245 | 0 | 4 |
_aThe aftermath of "real existing socialism" in Eastern Europe / _cedited by Jacques Hersh and Johannes Dragsbaek Schmidt. |
| 260 |
_aNew York : _bSt. Martin's Press, _c1997. |
||
| 300 |
_a2 v. : _bill., map ; _c23 cm. |
||
| 440 | 0 |
_aInternational political economy series _9970 |
|
| 504 | _aIncludes bibliographical references and indexes. | ||
| 505 | 0 | _av. 1. Between Western Europe and East Asia -- v. 2. People and technology in the process of transition / edited by Anne Lorentzen and Marianne Rostgaard. | |
| 650 | 0 |
_aPost-communism _zEurope, Eastern. _97625 |
|
| 650 | 0 |
_aSocialism _zEast Asia. _912440 |
|
| 650 | 0 |
_aCapitalism _zEast Asia. _912441 |
|
| 651 | 0 |
_aEurope, Eastern _xEconomic conditions _y1989- _97626 |
|
| 651 | 0 |
_aEurope, Eastern _xEconomic policy _y1989- _912180 |
|
| 651 | 0 |
_aEurope, Eastern _xSocial conditions _y1989- _912442 |
|
| 700 | 1 |
_aHersh, Jacques. _917813 |
|
| 700 | 1 |
_aSchmidt, Johannes Dragsbaek, _d1960- _917814 |
|
| 700 | 1 |
_aLorentzen, Anne. _912443 |
|
| 700 | 1 |
_aRostgaard, Marianne. _912444 |
|
| 906 |
_a7 _bcbc _corignew _d1 _eocip _f19 _gy-gencatlg |
||
| 942 |
_2ddc _cO_SHELF |
||
| 999 |
_c8816 _d8816 |
||